YAVUZ SULTAN SELİM VE KUTSAL EMANETLER (Kayıt no. 1042384)

MARC ayrıntıları
000 -LEADER
sabit uzunluktaki kontrol alanı 00270nam a2200097Ia 4500
001 - KONTROL NUMARASI
kontrol alanı 1042384
005 - EN SON İŞLEMİN TARİH VE ZAMANI
kontrol alanı 20250826232100.0
008 - SABİT-UZUNLUKTA VERİ ÖĞELERİ--GENEL BİLGİ
sabit uzunluktaki kontrol alanı 250824s9999 xx 000 0 und d
245 #0 - ESER / YAZAR
ESER ADI YAVUZ SULTAN SELİM VE KUTSAL EMANETLER
Yazar Adı YAVUZ BAHADIROĞLU
260 ## - YAYIN, DAĞITIM, VB.
YAYIN EVİ PANAMA YAYINLARI
Mevcut
Düşüm durumu Kayıp durumu Hasar Durumu Ödünç verilmez Ana kütüphane Geçerli Kütüphane Edinilen tarih Toplam ödünç verme sayısı Barkod Son görüntüleme tarihi Fiyatın geçerli olmaya başladığı tarih Koha materyal türü
        ALİYA İZZETBEGOVİÇ ANADOLU LİSESİ ALİYA İZZETBEGOVİÇ ANADOLU LİSESİ 24.08.2025   10731984 26.08.2025 26.08.2025 Kitaplar
Gemini Bilgi Teknolojileri A.Ş. tarafından düzenlenmiştir.